| 000 | 00814cam a2200277 a 4500 | ||
|---|---|---|---|
| 001 | 1875 | ||
| 003 | UkOxU | ||
| 005 | 20211208233430.0 | ||
| 008 | 131209s1962 enk 001 0 eng d | ||
| 035 | _a(BD-RjUL)1902 | ||
| 035 | _a(OCoLC)1249302 | ||
| 040 |
_aSNN _dm.c _dEQO _beng _cBD-RjUL |
||
| 041 | _aeng | ||
| 082 |
_2330.1 _bROE |
||
| 090 |
_aHB71 _b.R6 1962 |
||
| 100 | 1 |
_aRobinson, Joan, _d1903-1983 _96188 |
|
| 245 | 1 | 0 |
_aEconomic philosophy / _cJoan Robinson. |
| 260 |
_aLondon : _bC. A. Watts, _cc1962. |
||
| 300 |
_a150 p. ; _c19 cm. |
||
| 500 | _aInclues index | ||
| 504 | _a | ||
| 526 | _bSocial science | ||
| 650 | 0 |
_aEconomics. _96189 |
|
| 830 | 0 |
_aNew thinker's library. _96194 |
|
| 942 |
_2ddc _cBK |
||
| 999 |
_c1875 _d1875 |
||